000
00238 a2200109 4500
001
68478
040
_c
Anchieta - Itaigara
240
1
0
_a
Anfibios, peixes ósseos
_l
245
1
0
_a
Anfibios, peixes ósseos
650
4
_a
Anfíbios
942
_c
MU
999
_c
68478
_d
68478